000 00311 a2200145 4500
001 173019
020 _a
040 _cMagnum
100 _aMauricio, Milene Coutinho
240 1 0 _aVamos brincar de brincar
_lpor
245 1 0 _aVamos brincar de brincar
362 0 _a1899
697 _aIJ/GERAL
942 _cBK
999 _c173019
_d173019